Normal view MARC view

Entry Nombre personal

Number of records used in: 56

001 - NÚMERO DE CONTROL

  • campo de control: 79251

003 - IDENTIFICADOR DE NÚMERO DE CONTROL

  • campo de control: SpMaBN

005 - FECHA Y HORA DE LA ÚLTIMA TRANSACCIÓN

  • campo de control: 20250714101652.0

008 - ELEMENTOS DE DATO DE LONGITUD-FIJA

  • campo de control de longitud fija: 901120nn aijnnaabn a aaa

016 ## - NÚMERO DE CONTROL DE UNA AGENCIA BIBLIOGRÁFICA NACIONAL

  • Número de control del registro: BNE19900200394

024 7# - IDENTIFICADOR DE OTROS ESTÁNDARES

  • Número estándar o código: http://viaf.org/viaf/9850407/
  • Fuente: viaf

024 8# - IDENTIFICADOR DE OTROS ESTÁNDARES

  • Número estándar o código: https://data.cervantesvirtual.com/person/10452

024 7# - IDENTIFICADOR DE OTROS ESTÁNDARES

  • Número estándar o código: https://isni.org/isni/0000000368637465
  • Fuente: isni

024 7# - IDENTIFICADOR DE OTROS ESTÁNDARES

  • Número estándar o código: http://www.wikidata.org/entity/Q81685
  • Fuente: wikidata

040 ## - FUENTE DE CATALOGACIÓN

  • Centro catalogador/agencia de origen: SpMaBN
  • Lengua de catalogación: spa
  • Centro/agencia transcriptor: SpMaBN
  • Normas de descripción: rdc
  • Convención/Normas de encabezamiento de materia/tesauro: embne

046 ## - FECHAS CON CODIFICACIÓN ESPECIAL

  • Fecha de nacimiento: 1885
  • Fecha de la muerte: 1970

100 1# - ENCABEZAMIENTO-NOMBRE DE PERSONA

  • Nombre de persona: Mauriac, François,
  • Fechas asociadas al nombre: 1885-1970

370 ## - LUGAR ASOCIADO

  • Lugar de nacimiento: Burdeos
  • Número de control del registro de autoridad o número normalizado: XX453168
  • Fuente de información: Wikidata

373 ## - GRUPO ASOCIADO

  • Grupo asociado: Academia Francesa
  • Fuente de información: Wikidata

374 ## - OCUPACIÓN

  • Ocupación: Críticos literarios
  • Ocupación: Guionistas
  • Ocupación: Dramaturgos
  • Ocupación: Novelistas
  • Ocupación: Poetas
  • Ocupación: Periodistas
  • Ocupación: Escritores
  • Fuente de información: Wikidata

375 ## - GÉNERO/SEXO

  • Género: Masculino

377 ## - IDIOMA ASOCIADO

  • Término de lengua/lenguaje: Francés

400 0# - TRAZADO DE VÉASE--NOMBRE DE PERSONA

  • Nombre de persona: Forez,
  • Fechas asociadas al nombre: 1885-1970

400 1# - TRAZADO DE VÉASE--NOMBRE DE PERSONA

  • Nombre de persona: Móriaks, Fransua,
  • Fechas asociadas al nombre: 1885-1970

400 1# - TRAZADO DE VÉASE--NOMBRE DE PERSONA

  • Nombre de persona: Sturel, François,
  • Fechas asociadas al nombre: 1885-1970

670 ## - FUENTE DE DATOS ENCONTRADOS

  • Cita de la fuente: El desierto del amor, 1983
  • Información encontrada: port. (François Mauriac)

670 ## - FUENTE DE DATOS ENCONTRADOS

  • Cita de la fuente: Dic. de escritores célebres, 1995
  • Información encontrada: (Mauriac, François; escritor francés (Burdeos, 1885-París 1970))

670 ## - FUENTE DE DATOS ENCONTRADOS

  • Cita de la fuente: WWW BN-OPALE Plus, 5-1-2001
  • Información encontrada: (Mauriac, François (1885-1970))